=LDR 00000nam 2200000 4500 =001 INLIS000000000024264 =005 20130612122850 =008 ***********************************Ind** =035 ##$$0010-061300000024264 =041 ##$$a Ind =082 ##$$a 330.01 =090 ##$$a 330.01, Win l =100 ##$$a Winardi =245 ##$$a ilmu ekonomo dan aspek aspek metodologi, Winardi =260 ##$$a 2000 $b Jakarta6bRenika Cipta =300 ##$$a 204 hlm, 21 cm =650 ##$$a Ilmu ekonomi =850 ##$$a NBPNMAT